| 000 | 00785nam a22002297a 4500 | ||
|---|---|---|---|
| 999 |
_c5018 _d5018 |
||
| 003 | AR-CdUCM | ||
| 008 | 190311b ||||| |||| 00| 0 spa d | ||
| 040 |
_aMUNICIPALIDAD PROVINCIAL DEL CUSCO _cBIBLIOTECA MUNICIPAL DEL CUSCO |
||
| 082 |
_a869.56 / _bAY93C |
||
| 100 |
_aAyala, José Luis _95471 |
||
| 245 | _aCelebraciones del universo / | ||
| 260 |
_aLima : _bJuan Mejía Baca, _c1976. |
||
| 300 |
_a73 páginas ; _c20.5 cm. |
||
| 500 | _aDonación de la familia Nieto. Dedicatoria del autor. Segundo ejemplar, dedicatoria a Gustavo Pérez Ocampo. | ||
| 650 |
_aPoesía peruana _9806 |
||
| 650 |
_aPerú - Siglo XX _91357 |
||
| 650 |
_aPoetas peruanos _91611 |
||
| 650 |
_aPoetas puneños _914250 |
||
| 650 |
_aPoesía - Puno _915342 |
||
| 942 |
_2ddc _cLIBROS |
||
| 945 | _alccs | ||